000 01419nam0a2200397 4500
001 RU\NLR\bibl\349273
005 20250621153046.0
010 _a5-94723-005-4
_93000
021 _aRU
_b2002-45931
_92224
035 _a(NLR Aleph) 000344061
090 _a234632
_c234632
100 _a20021203d2002 |||y0rusy50 ca
101 1 _arus
_ceng
102 _aRU
105 _aa |||||||||
200 1 _aПрограммирование на ColdFusion
210 _aСПб. и др.
_cПитер
_d2002
215 _a926 с.
_d24
225 1 _aДля профессионалов
300 _aЗагл. и авт. ориг.: Programming ColdFusion/ Rob Brooks-Bilson
320 _aАлф. указ.: с. 917-926
454 0 _12001#$aProgramming ColdFusion$fRob Brooks-Bilson
_tProgramming ColdFusion
606 0 _aCOLD FUSION, информационная подсистема
_xПрограммирование
_92271660
_3RU\NLR\auth\661361526
610 0 _aИнтернет - Web-страницы - Составление
610 0 _aПрограммирования языки
675 _a004.65
_v3
_zrus
686 _a50
_2rugasnti
686 _a32.973.26-018.2
_2rubbk
686 _aЗ988.02
700 1 _aБрукс-Билсон
_bР.
_4070
801 0 _aRU
_bRKP
_c20021203
_gPSBO
801 1 _aRU
_bRKP
_c20021203
801 2 _aRU
_bNLR
_c20030117
_grcr
942 _cBOOK
980 _aNB